000 00765cab a2200217 4500
001 WB3024-05
008 090401t1994 xxu||||| |||| 00| 0 eng d
035 _a(Sirsi) u75735
041 _aeng
245 _aDesign research could cut costs
260 _c1994
350 _a0
490 _aBuilding Design
_v(1177) 17 June 1994, 5(1)
520 _aUp to 50% of construction coast could be saved through a new £10m IDAC (Integration in Design and Construction) research programme launched by the Construction Minister Tony Baldry.
650 _aBUILT ENVIRONMENT-BUILDING COSTS
650 _aINTEGRATION IN DESIGN AND CONSTRUCTION
650 _aRESEARCH AND DEVELOPMENT
690 _aBUILT ENVIRONMENT-BUILDING COSTS
942 _n0
948 _c04/03/1997
999 _c47636
_d47636